000 00736nam a2200253Ia 4500
008 160319s9999 xx 000 0 und d
020 _a0-866119523
050 _aFic
050 _b.V531a 1989
100 _aVerne, Jules
245 _aAround the world in 80 days /
245 _cJules Verne ; adapted by Marian Leighton ; illustrations by Pablo Marcos Studio.
260 _aNew York :
260 _bBaronet Books/Playmore, Inc.
260 _c1989
300 _a236 pages;
300 _bllustrations ;
300 _c21 cm.
440 _aGreat Illustrated Classics.
650 _a Voyages around the world --
650 _aAdventure stories.
650 _aVoyages around the world.
650 _xJuvenile fiction.
999 _c292051
_d292051